000 00314nam a2200133Ia 4500
005 20251222141800.0
008 251222s9999||||xx |||||||||||||| ||spa||
082 _a779/I39
100 _aIkeda, Daisaku
245 2 _aA Collection of Photográphs
250 _a1ra.ed.
264 _bMaki Book Binding
942 _cLIB
999 _c6124
_d6124